| 000 | 00660nam a2200229 a 4500 | ||
|---|---|---|---|
| 008 | |||
| 020 | _a0023846127 (pbk.) | ||
| 049 | _aMAIN | ||
| 050 | 0 |
_aHF5415.3 _bMOW |
|
| 100 | 1 | _aMowen, John C. | |
| 245 | 1 | 0 |
_aConsumer behavior : _binstructor`s manual / _cJohn C Mowenand Jane Licata. |
| 250 | _a4th ed. | ||
| 260 |
_aEnglewood Cliffs : _bPrentice Hall, _c1995. |
||
| 300 |
_a616 p. ; _c25 cm. |
||
| 500 | _aIncludes bibliographical references. | ||
| 650 | 0 |
_aConsumers _vUnited States. |
|
| 907 |
_a.b10284345 _b28-09-10 _c27-09-10 |
||
| 003 | |||
| 005 | 20230123125048.0 | ||
| 040 | _cNUST | ||
| 942 | _cBOOKS | ||
| 999 |
_c135040 _d135040 |
||